| 000 | 00373nam a2200145Ia 4500 | ||
|---|---|---|---|
| 008 | 230917s9999||||xx |||||||||||||| ||und|| | ||
| 040 |
_e101330 _aMAIN |
||
| 041 | _aEnglish | ||
| 082 | _a355.370973 H 252 M | ||
| 100 | _aHart Gary | ||
| 245 | 0 | _aMinuteman: restoring an army of the people | |
| 260 |
_aNew York _bFree Press _c1998 |
||
| 300 | _axix, 188 p. | ||
| 942 | _cBK | ||
| 999 |
_c118662 _d118662 |
||